[Event "Mlada Boleslav op"]
[Site "Mlada Boleslav"]
[Date "1992.??.??"]
[Round "7"]
[White "Buturin, Vladimir"]
[Black "Suchorukow, Andrei"]
[Result "0-1"]
[WhiteElo "2415"]
[BlackElo "2300"]
[PlyCount "90"]
[EventDate "1992.??.??"]
[EventType "swiss"]
[EventRounds "9"]
[EventCountry "CSR"]
[SourceTitle "EXT 1997"]
[Source "ChessBase"]
[SourceDate "1996.11.15"]
[SourceVersion "1"]
[SourceVersionDate "1996.11.15"]
[SourceQuality "1"]

1. d4 Nf6 2. c4 g6 3. Nc3 Bg7 4. e4 d6 5. Be2 0-0 6. Nf3 e5 7. 0-0 Nc6 8. Be3 Ng4 9. Bg5 f6 10. Bh4 Qe8 11. h3 Nh6 12. dxe5 dxe5 13. c5 Be6 14. Bb5 g5 15. Bg3 Qh5 16. Nh2 Qxd1 17. Rfxd1 Nd4 18. f3 c6 19. Bf1 Rfd8 20. Bf2 Bf8 21. Na4 Kg7 22. b3 Rd7 23. Rac1 Rad8 24. Nb2 Nf7 25. Ng4 b6 26. Bxd4 exd4 27. Nd3 b5 28. Nb4 Rc8 29. Na6 Ne5 30. Nf2 h5 31. Nd3 Kf7 32. Rc2 Rcd8 33. Rcd2 Bh6 34. Nxe5+ fxe5 35. g4 h4 36. Ra1 Bf8 37. Bd3 Rb7 38. Rc2 Bc8 39. a4 bxa4 40. Rxa4 Rxb3 41. Bc4+ Be6 42. Ra1 Bxc4 43. Rxc4 d3 44. Kf1 d2 45. Ke2 Ra3 0-1

[Event "RUS-ch sf"]
[Site "Orel"]
[Date "1992.??.??"]
[Round "?"]
[White "Djachkov, Sergej"]
[Black "Suchorukow, Andrei"]
[Result "0-1"]
[WhiteElo "2215"]
[BlackElo "2300"]
[PlyCount "118"]
[EventDate "1992.??.??"]
[EventType "swiss"]
[EventRounds "9"]
[EventCountry "RUS"]
[SourceTitle "EXT 1997"]
[Source "ChessBase"]
[SourceDate "1996.11.15"]
[SourceVersion "1"]
[SourceVersionDate "1996.11.15"]
[SourceQuality "1"]

1. Nf3 Nf6 2. d4 g6 3. Bg5 Bg7 4. Nbd2 0-0 5. c3 h6 6. Bh4 c5 7. dxc5 Na6 8. Nb3 Qc7 9. Bg3 Qc6 10. Nfd4 Qd5 11. e3 Ne4 12. Qf3 f5 13. Nd2 Kh7 14. Bc4 Qxc5 15. Bxa6 Ng5 16. Qe2 bxa6 17. h4 Nf7 18. h5 Ne5 19. f4 Ng4 20. hxg6+ Kg8 21. Rh5 d6 22. N2b3 Qc7 23. e4 e5 24. Nxf5 Bxf5 25. Rxf5 Rxf5 26. exf5 exf4 27. Qxg4 Re8+ 28. Kf1 fxg3 29. Re1 Rf8 30. Kg1 Qb6+ 31. Nd4 Qxb2 32. Nf3 Qxc3 33. Qe4 Qc5+ 34. Kh1 Qxf5 35. Qxf5 Rxf5 36. Re8+ Rf8 37. Re7 Rb8 38. Re1 Bf6 39. Kg1 Kg7 40. Kf1 Rb2 41. Re2 Kxg6 42. Rxb2 Bxb2 43. Ke2 Kf5 44. Ke3 h5 45. Kd3 Kf4 46. Ng1 Ba3 47. Ne2+ Kg4 48. Ke4 Bc5 49. Nf4 h4 50. Nh3 Bf2 51. Kd5 Kf5 52. Kxd6 Ke4 53. Ng5+ Kd3 54. Kd5 Kc3 55. Nh3 Kb2 56. Kc4 Kxa2 57. Kc3 a5 58. Kc2 a4 59. Nf4 Be3 0-1

[Event "Mlada Boleslav op"]
[Site "Mlada Boleslav"]
[Date "1992.??.??"]
[Round "4"]
[White "Suchorukow, Andrei"]
[Black "Womacka, Mathias"]
[Result "0-1"]
[WhiteElo "2300"]
[BlackElo "2445"]
[PlyCount "66"]
[EventDate "1992.??.??"]
[EventType "swiss"]
[EventRounds "9"]
[EventCountry "CSR"]
[SourceTitle "EXT 1997"]
[Source "ChessBase"]
[SourceDate "1996.11.15"]
[SourceVersion "1"]
[SourceVersionDate "1996.11.15"]
[SourceQuality "1"]

1. e4 c5 2. Nf3 d6 3. d4 cxd4 4. Nxd4 Nf6 5. Nc3 a6 6. f4 e5 7. Nf3 Nbd7 8. a4 Be7 9. Bd3 0-0 10. 0-0 exf4 11. Kh1 Nc5 12. Bxf4 Bd7 13. Nd4 Re8 14. Qf3 Rc8 15. Be3 Rf8 16. Nf5 Bxf5 17. Qxf5 Qd7 18. Rad1 Nxd3 19. Rxd3 Qe6 20. Rd4 Rfe8 21. Bf4 Bf8 22. Rfd1 d5 23. Qxe6 fxe6 24. exd5 e5 25. Bxe5 Rxe5 26. d6 Rd8 27. g4 h5 28. gxh5 Rd7 29. h6 gxh6 30. a5 Re6 31. Rg1+ Kf7 32. Rf1 Rexd6 33. Rdf4 Bg7 0-1

[Event "Russian Winter op"]
[Site "Moscow"]
[Date "1991.??.??"]
[Round "?"]
[White "Bagaturov, Giorgi"]
[Black "Suchorukow, Andrei"]
[Result "1-0"]
[WhiteElo "2430"]
[BlackElo "2270"]
[PlyCount "97"]
[EventDate "1991.??.??"]
[EventType "swiss"]
[EventRounds "9"]
[EventCountry "URS"]
[SourceTitle "TD"]
[Source "ChessBase"]
[SourceDate "1994.03.01"]
[SourceVersion "1"]
[SourceVersionDate "1994.03.01"]
[SourceQuality "1"]

1. d4 Nf6 2. Nf3 g6 3. c4 Bg7 4. g3 0-0 5. Bg2 d6 6. Nc3 Nc6 7. 0-0 Rb8 8. b3 Nd7 9. Bb2 e5 10. d5 Ne7 11. e4 h6 12. Ne1 f5 13. Nd3 Nf6 14. f3 c5 15. dxc6 bxc6 16. c5 Ba6 17. Rf2 Bxd3 18. Qxd3 d5 19. exd5 Nfxd5 20. Na4 Nb4 21. Qe2 Qc7 22. Re1 Rfe8 23. Qc4+ Nbd5 24. Rfe2 Rb4 25. Qc1 Rd4 26. Bxd4 exd4 27. f4 Rd8 28. Qc4 Kf8 29. Bxd5 Nxd5 30. Nb2 Qd7 31. Qc1 Nc3 32. Re6 Qd5 33. Nd3 Ne4 34. Qc4 Qxc4 35. bxc4 Rc8 36. Rb1 Rc7 37. Rb8+ Kf7 38. Ree8 Bf6 39. Rf8+ Kg7 40. Rg8+ Kf7 41. Rbf8+ Ke6 42. Rc8 Rb7 43. Rxc6+ Kf7 44. Ra8 g5 45. Kg2 Kg6 46. fxg5 hxg5 47. Re6 Rb1 48. c6 Rd1 49. c7 1-0

[Event "Berliner Sommer 08th"]
[Site "Berlin"]
[Date "1990.08.??"]
[Round "3"]
[White "Akesson, Ralf"]
[Black "Suchorukow, Andrei"]
[Result "1-0"]
[WhiteElo "2435"]
[BlackElo "2040"]
[PlyCount "59"]
[EventDate "1990.08.11"]
[EventType "swiss"]
[EventRounds "9"]
[EventCountry "GER"]
[SourceTitle "EXT 2008"]
[Source "ChessBase"]
[SourceDate "2007.11.25"]
[SourceVersion "1"]
[SourceVersionDate "2007.11.25"]
[SourceQuality "1"]

1. Nf3 Nf6 2. c4 g6 3. Nc3 Bg7 4. d4 0-0 5. e4 d6 6. Be2 e5 7. Be3 Ng4 8. Bg5 f6 9. Bh4 Qe8 10. 0-0 f5 11. dxe5 dxe5 12. Nd5 Rf7 13. Ng5 Rd7 14. exf5 gxf5 15. Bxg4 fxg4 16. Ne4 Qg6 17. Nef6+ Bxf6 18. Nxf6+ Kg7 19. Nxd7 Bxd7 20. Re1 Qf5 21. b4 Nc6 22. b5 Nb4 23. Rxe5 Qxe5 24. Qxd7+ Kf8 25. Rf1 Re8 26. Qxh7 Re6 27. Qb1 Qd6 28. Bg3 Qd2 29. Qf5+ Ke7 30. Bh4+ 1-0